00360nam a2200145Ia 4500008004100000020001500041041001200056082001100068100001800079245006600097250000800163260002500171300001000196650000800206221030s9999 xx 000 0 und d a0070601704 aEnglish a105.23 aT. Veerarajan 0aProbability , Statistics & Random Processescby T. Veerarajan a2nd bTMHaNew Delhic2009 a10.35 aECE